000 00837nam a2200241Ia 4500
003 GCL
008 140319s9999 xx 000 0 ara d
020 _a8005069957
040 _aGCL /
_cGCL
082 0 4 _a723.3
_bم ع
100 1 _aمحمد حسين جودى
245 1 0 _aالعمارة العربية الاسلامية /
_cمحمد حسين جودى
250 _aالاولى
260 _aالاردن :
_bدار المسيرة للنشر والتوزيع والطباعة ،
_c2007
300 _a144 ص ؛
_c24 سم
650 0 4 _aالعمارة الاسلامية
650 0 4 _aالاثار الاسلامية
650 0 4 _aالعمارة الاسلامية - تاريخ
650 0 4 _aالابواب - عمارة
650 0 4 _aالسراديب - عمارة
650 0 4 _aالقباب - عمارة
942 _2ddc
_cBK
999 _c9930
_d9930